| 000 | 01326nam a22003737a 4500 | ||
|---|---|---|---|
| 003 | CHAP | ||
| 005 | 20220329142049.0 | ||
| 008 | 990519d1997 mx a r 00010 spa d | ||
| 010 | _a77861 | ||
| 011 | _a78833 | ||
| 035 | _a88934 | ||
| 040 | _cCHAP | ||
| 082 | 0 | 4 |
_a581.0724 _bC8 v.3 |
| 100 | 0 | 0 |
_aSaad, Isabel. _9101068 |
| 245 | 1 | 0 |
_aHortalizas _c/por Isabel Saad |
| 260 |
_aMéxico, D.F. : _bCamBioTec, _c1997. |
||
| 300 |
_a111 p. : _bilus. ; gráfs. ; tablas ; apénd. |
||
| 490 | 0 |
_aCuadernos de vigilancia biotecnológica _v; 3 |
|
| 590 |
_aBATCH-UPD _b10 _c20130110 _lUCH01 _h0449 |
||
| 590 |
_aBATCH-UPD _b10 _c20130110 _lUCH01 _h2358 |
||
| 590 |
_aBATCH-UPD _b10 _c20130410 _lUCH01 _h0125 |
||
| 590 |
_aBATCH-UPD _b10 _c20130410 _lUCH01 _h1644 |
||
| 590 |
_aBATCH-UPD _b10 _c20130914 _lUCH01 _h0646 |
||
| 590 |
_aBATCH-UPD _b10 _c20130914 _lUCH01 _h2149 |
||
| 590 |
_aCONVERSION _b10 _c20130109 _lUCH01 _h1343 |
||
| 650 | 1 | 4 |
_aBiotecnología vegetal. _912892 |
| 650 | 1 | 4 |
_aLegumbres. _965680 |
| 830 | 0 | 0 |
_aCuadernos de vigilancia biotecnológica _v; 3 _929823 |
| 901 | _aBK | ||
| 905 | _aAlejandra Carrasco M. | ||
| 942 | _cLIBRO | ||
| 949 |
_a581.0724 C8 v.3 _bBC _cLIBRO _d33724000723292 _eLIBRO _gI. c/e _h94349 _i88934 _si _t$50.00 |
||
| 949 |
_a581.0724 C8 v.3 _bBC _cLIBRO _d33724000723417 _eLIBRO _fc.2 _h94350 _i88934 _si _t$ 50.00 |
||
| 999 |
_c77861 _d77861 |
||